<?xml version="1.0" encoding="UTF-8"?>
<record
    xmlns:xsi="http://www.w3.org/2001/XMLSchema-instance"
    xsi:schemaLocation="http://www.loc.gov/MARC21/slim http://www.loc.gov/standards/marcxml/schema/MARC21slim.xsd"
    xmlns="http://www.loc.gov/MARC21/slim">

  <leader>03070cam a2200397 a 4500</leader>
  <controlfield tag="001">17162574</controlfield>
  <controlfield tag="003">OSt</controlfield>
  <controlfield tag="005">20220211130515.0</controlfield>
  <controlfield tag="008">120213s2011    enkab    b    001 0 eng d</controlfield>
  <datafield tag="010" ind1=" " ind2=" ">
    <subfield code="a">  2011293227</subfield>
  </datafield>
  <datafield tag="015" ind1=" " ind2=" ">
    <subfield code="a">GBB156179</subfield>
    <subfield code="2">bnb</subfield>
  </datafield>
  <datafield tag="016" ind1="7" ind2=" ">
    <subfield code="a">015804265</subfield>
    <subfield code="2">Uk</subfield>
  </datafield>
  <datafield tag="020" ind1=" " ind2=" ">
    <subfield code="a">9781107007963 (hbk.)</subfield>
  </datafield>
  <datafield tag="020" ind1=" " ind2=" ">
    <subfield code="a">1107007968 (hbk.)</subfield>
  </datafield>
  <datafield tag="020" ind1=" " ind2=" ">
    <subfield code="a">9781107400115 (pbk.)</subfield>
  </datafield>
  <datafield tag="020" ind1=" " ind2=" ">
    <subfield code="a">1107400112 (pbk.)</subfield>
  </datafield>
  <datafield tag="035" ind1=" " ind2=" ">
    <subfield code="a">(OCoLC)ocn751822697</subfield>
  </datafield>
  <datafield tag="040" ind1=" " ind2=" ">
    <subfield code="a">UKMGB</subfield>
    <subfield code="c">UKMGB</subfield>
    <subfield code="d">YDXCP</subfield>
    <subfield code="d">CDX</subfield>
    <subfield code="d">BWX</subfield>
    <subfield code="d">J2H</subfield>
    <subfield code="d">UOH</subfield>
    <subfield code="d">DLC</subfield>
  </datafield>
  <datafield tag="042" ind1=" " ind2=" ">
    <subfield code="a">lccopycat</subfield>
  </datafield>
  <datafield tag="043" ind1=" " ind2=" ">
    <subfield code="a">e------</subfield>
  </datafield>
  <datafield tag="050" ind1="0" ind2="0">
    <subfield code="a">HC241.2.E425 </subfield>
  </datafield>
  <datafield tag="082" ind1="0" ind2="4">
    <subfield code="a">337.142</subfield>
    <subfield code="2">22</subfield>
  </datafield>
  <datafield tag="245" ind1="0" ind2="4">
    <subfield code="a">The European Union :</subfield>
    <subfield code="b">economics and policies /</subfield>
    <subfield code="c">Ali M. El-Agraa, with invited edited contributions.</subfield>
  </datafield>
  <datafield tag="250" ind1=" " ind2=" ">
    <subfield code="a">9th ed.</subfield>
  </datafield>
  <datafield tag="260" ind1=" " ind2=" ">
    <subfield code="a">Cambridge, UK ;</subfield>
    <subfield code="a">New York :</subfield>
    <subfield code="b">Cambridge University Press,</subfield>
    <subfield code="c">2011.</subfield>
  </datafield>
  <datafield tag="300" ind1=" " ind2=" ">
    <subfield code="a">xxvii, 489 p. :</subfield>
    <subfield code="b">ill., maps ;</subfield>
    <subfield code="c">25 cm.</subfield>
  </datafield>
  <datafield tag="504" ind1=" " ind2=" ">
    <subfield code="a">Includes bibliographical references (p. 431-470) and indexes.</subfield>
  </datafield>
  <datafield tag="505" ind1="0" ind2=" ">
    <subfield code="a">Contents : General introduction : the EU within the context of regional integration worldwide / Ali El-Agraa -- Pt. I: EU history, institutions, and legal dimension. A history of European integration and the evolution of the EU / Ali El-Agraa -- EU institutions / Ali El-Agraa -- The legal dimension in EU integration / Imelda Maher -- The EU economy : bare essentials / Ali El-Agraa -- Pt. II: EU market integration : theory and practice. The theory of economic integration / Ali El-Agraa -- The economics of the single market / Brian Ardy and Ali El-Agraa -- Factor mobility / David Mayes -- Measuring the economic impact of European integration / Ali El-Agraa -- Pt. III: EU monetary integration. The theory of monetary integration / Ali El-Agraa -- The development of EU economic and monetary integration / David Mayes and Ali El-Agraa -- The operation of EMU / David Mayes -- Pt. IV: The single European market : policy integration. Competition policy / Wolf Sauter -- Industrial and competitiveness policy : the Lisbon Strategy / Brian Ardy -- Tax harmonization / Brian Ardy and Ali El-Agraa -- Transport policy / Kenneth Button -- Energy policy and energy markets / Stephen Martin and Ali El-Agraa -- Environmental policy / Ian Barnes -- Pt. V: EU budget and structural policies. The general budget / Brian Ardy and Ali El-Agraa -- The Common Agricultural Policy / Ulrich Koester and Ali El-Agraa -- Common Fisheries Policy / Ali El-Agraa -- Regional policy / Harvey Armstrong -- Social policies : the employment dimension / Brian Ardy and Ali El-Agraa -- Pt. VI: EU external relations. External trade policy / Miriam Manchin and Ali El-Agraa -- The EU and the developing world / Ali El-Agraa -- Pt. VII: The future of the EU. The future of the EU / Ali El-Agraa.</subfield>
  </datafield>
  <datafield tag="610" ind1="2" ind2="0">
    <subfield code="a">European Economic Community.</subfield>
  </datafield>
  <datafield tag="610" ind1="2" ind2="0">
    <subfield code="a">European Union.</subfield>
  </datafield>
  <datafield tag="651" ind1=" " ind2="0">
    <subfield code="a">European Union countries</subfield>
    <subfield code="x">Economic policy.</subfield>
  </datafield>
  <datafield tag="651" ind1=" " ind2="0">
    <subfield code="a">European Economic Community countries</subfield>
    <subfield code="x">Economic policy.</subfield>
  </datafield>
  <datafield tag="700" ind1="1" ind2=" ">
    <subfield code="a">El-Agraa, A. M.</subfield>
  </datafield>
  <datafield tag="906" ind1=" " ind2=" ">
    <subfield code="a">7</subfield>
    <subfield code="b">cbc</subfield>
    <subfield code="c">copycat</subfield>
    <subfield code="d">3</subfield>
    <subfield code="e">ncip</subfield>
    <subfield code="f">20</subfield>
    <subfield code="g">y-gencatlg</subfield>
  </datafield>
  <datafield tag="942" ind1=" " ind2=" ">
    <subfield code="2">lcc</subfield>
    <subfield code="c">BK</subfield>
  </datafield>
  <datafield tag="999" ind1=" " ind2=" ">
    <subfield code="c">8678</subfield>
    <subfield code="d">16178</subfield>
  </datafield>
  <datafield tag="952" ind1=" " ind2=" ">
    <subfield code="0">0</subfield>
    <subfield code="1">0</subfield>
    <subfield code="2">ddc</subfield>
    <subfield code="4">0</subfield>
    <subfield code="7">0</subfield>
    <subfield code="a">WIUC-1</subfield>
    <subfield code="b">WIUC-1</subfield>
    <subfield code="c">REF</subfield>
    <subfield code="d">2022-02-11</subfield>
    <subfield code="o">HC241.2.E425</subfield>
    <subfield code="p">9171/620/22</subfield>
    <subfield code="r">2022-02-11 00:00:00</subfield>
    <subfield code="t">1</subfield>
    <subfield code="w">2022-02-11</subfield>
    <subfield code="y">BK</subfield>
  </datafield>
</record>
